000 00452cam a22001457a 4500
008 180718b1962 xxu||||| |||| 00| 0 eng d
082 _aT31x73 M462
100 _aMeans, Gardiner C.
245 _aThe Corporate revolution in America: economic reality vs.economic theory
_cby Gardiner C. Means
260 _aNew York
_bCrowell-Collier
_c1962
300 _a191p.
650 _aPrices - USA
650 _aBig Business - USA
650 _aCorporations - USA
999 _c373482
_d373482